Sherlock Holmes Franchise - Statistics

General Stats
  • This quiz has been taken 35 times
  • The average score is 78 of 500
Answer Stats
Type Year Name Info % Correct
Video Game 1984 Sherlock Melbourne House
94%
TV Show 2010-2017 Sherlock BBC One / BBC HD / BBC One HD / PBS
94%
TV Film 2002 Sherlock: Case of Evil USA Network
94%
Theater 1894 Sherlock Holmes Charles Rogers
94%
Theater 1899 Sherlock Holmes William Gillette / Sir Arthur Conan Doyle
94%
Theater 1903-1910 Sherlock Holmes ????
94%
Theater 1906 Sherlock Holmes William Gillette
94%
Short Film 1908 Sherlock Holmes Great Northern Film Company
94%
Film 1916 Sherlock Holmes Embassy Studios
94%
Film 1922 Sherlock Holmes Goldwyn Pictures
94%
Theater 1923-1932 Sherlock Holmes ????
94%
Film 1932 Sherlock Holmes Fox Film
94%
Play 1953 Sherlock Holmes Ouida Bergère
94%
TV Show 1954-1955 Sherlock Holmes Syndication
94%
TV Show 1967-1968 Sherlock Holmes WDR
94%
TV Show 1968 Sherlock Holmes Secondo Programma
94%
Theater 1973-1976 Sherlock Holmes Frank Dunlop
94%
TV Show 1984-1994 Sherlock Holmes ITV
94%
Film 2009 Sherlock Holmes Warner Bros.
94%
TV Show 2013 Sherlock Holmes Russia 1
94%
TV Show 2014-2015 Sherlock Holmes NHK General TV / NHK Educational TV
94%
Novel 1887 A Study in Scarlet Arthur Conan Doyle
83%
Film 1914 A Study in Scarlet Moss
83%
Film 1914 A Study in Scarlet ????
83%
Film 1933 A Study in Scarlet Sono Art-World Wide Pictures
83%
TV Show 1951 Sherlock Holmes BBC
83%
TV Show 1965-1968 Sherlock Holmes BBC1
83%
Film 2010 Sir Arthur Conan Doyle's Sherlock Holmes The Asylum / Revolver Entertainment
83%
Film 1939 The Adventures of Sherlock Holmes 20th Century Fox
83%
Novel 1902 The Hound of the Baskervilles Arthur Conan Doyle
83%
Film 1921 The Hound of the Baskervilles Stoll Pictures / UFA / Robertson-Cole
83%
Film 1929 The Hound of the Baskervilles Süd-Film
83%
Film 1932 The Hound of the Baskervilles Gaumont British Distributors
83%
Film 1937 The Hound of the Baskervilles Bavaria Film
83%
Film 1939 The Hound of the Baskervilles 20th Century Fox
83%
Film 1959 The Hound of the Baskervilles United Artists
83%
TV Film 1972 The Hound of the Baskervilles ABC
83%
Film 1978 The Hound of the Baskervilles Atlantic Releasing Corporation
83%
TV Film 1981 The Hound of the Baskervilles ????
83%
TV Mini-Series 1982 The Hound of the Baskervilles BBC
83%
TV Film 1983 The Hound of the Baskervilles HBO
83%
TV Film 2000 The Hound of the Baskervilles ????
83%
TV Film 2002 The Hound of the Baskervilles BBC
83%
Theater 2007 The Hound of the Baskervilles John Nicholson / Steven Canny
83%
Theater 2013 The Hound of the Baskervilles Jean Marcillac
83%
Musical 1989 Sherlock Holmes: The Musical Leslie Bricusse
72%
Film 1937 The Grey Lady Terra Film
72%
Theater 2018-2019 Sherlock Holmes: The Sign of Four Nick Lane
67%
Novel 1890 The Sign of the Four Arthur Conan Doyle
67%
Theater 1903 The Sign of the Four ????
67%
Film 2011 Sherlock Holmes: A Game of Shadows Warner Bros.
56%
Film 1923 The Sign of Four Stoll Pictures / UFA
56%
Film 1932 The Sign of Four RKO Pictures
56%
TV Film 1983 The Sign of Four HBO
56%
TV Film 2001 The Sign of Four ????
56%
Short Story Collection 1892 The Adventures of Sherlock Holmes Arthur Conan Doyle
50%
Radio Series 1930-1935 The Adventures of Sherlock Holmes NBC
50%
Radio Series 1954 The Adventures of Sherlock Holmes BBC
50%
Short Story Collection 1894 The Memoirs of Sherlock Holmes Arthur Conan Doyle
50%
Theater 1903 The Speckled Band Sir Arthur Conan Doyle
44%
Short Film 1912 The Speckled Band Société Française des Films Éclair / Eclair British
44%
Short Film 1923 The Speckled Band Stoll Pictures
44%
Film 1931 The Speckled Band Woolf & Freedman Film Service
44%
Novel 1915 The Valley of Fear Arthur Conan Doyle
44%
Film 1916 The Valley of Fear Moss
44%
Short Story 1891 A Scandal in Bohemia Arthur Conan Doyle
39%
Short Film 1921 A Scandal in Bohemia Stoll Pictures
39%
Short Film 1923 His Last Bow Stoll Pictures
39%
Short Story Collection 1917 His Last Bow: Some Reminiscences of Sherlock Holmes Arthur Conan Doyle
39%
Short Story 1917 His Last Bow. The War Service of Sherlock Holmes Arthur Conan Doyle
39%
Short Story Collection 1927 The Case-Book of Sherlock Holmes Arthur Conan Doyle
39%
Short Film 1921 The Empty House Stoll Pictures
39%
Short Story 1893 The Final Problem Arthur Conan Doyle
39%
Short Film 1923 The Final Problem Stoll Pictures
39%
Short Story Collection 1905 The Return of Sherlock Holmes Arthur Conan Doyle
39%
Theater 1923 The Return of Sherlock Holmes J. E. Harold Terry / Arthur Rose
39%
Theater 1928 The Return of Sherlock Holmes ????
39%
Film 1929 The Return of Sherlock Holmes Paramount
39%
TV Film 1987 The Return of Sherlock Holmes CBS
39%
TV Show 2012-2019 Elementary CBS
33%
Film TBA Enola Holmes Warner Bros.
33%
Film 2015 Mr. Holmes 20th Century Fox / Miramax / Roadside Attractions
33%
Short Story 1891 The Man with the Twisted Lip Arthur Conan Doyle
33%
Short Film 1921 The Man with the Twisted Lip Stoll Pictures
33%
Short Film 1912 The Musgrave Ritual Société Française des Films Éclair / Eclair British
33%
Short Story 1922 The Musgrave Ritual Stoll Pictures
33%
Short Story 1891 The Red-Headed League Arthur Conan Doyle
33%
Short Film 1921 The Yellow Face Stoll Pictures
33%
Short Story 1891 A Case of Identity Arthur Conan Doyle
28%
Short Film 1921 A Case of Identity Stoll Pictures
28%
Novel 2014 Moriarty Anthony Horowitz
28%
Novel 2011 Moriarty: The Hound of the D'Urbervilles Kim Newman
28%
Short Film 1912 Silver Blaze Société Française des Films Éclair / Eclair British
28%
Short Film 1923 Silver Blaze Stoll Pictures
28%
Film 1937 Silver Blaze Associated British Picture Corporation
28%
Short Film 1923 The Blue Carbuncle Stoll Pictures
28%
TV Film 1980 The Blue Carbuncle ????
28%
Theater 2007-2008 The Blue Carbuncle Jon Jory
28%
Short Film 1912 The Copper Beeches Société Française des Films Éclair / Eclair British
28%
Short Film 1921 The Copper Beeches Stoll Pictures
28%
Short Story 1891 The Five Orange Pips Arthur Conan Doyle
28%
Short Film 1923 The Gloria Scott Stoll Pictures
28%
Short Story 1922 The Norwood Builder Stoll Pictures
28%
Short Story 1922 The Six Napoleons Stoll Pictures
28%
Short Story 1922 Charles Augustus Milverton Stoll Pictures
22%
Short Film 1912 The Beryl Coronet Société Française des Films Éclair / Eclair British
22%
Short Film 1921 The Beryl Coronet Stoll Pictures
22%
Short Film 1923 The Cardboard Box Stoll Pictures
22%
Short Film 1923 The Crooked Man Stoll Pictures
22%
Short Film 1923 The Engineer's Thumb Stoll Pictures
22%
Short Story 1922 The Greek Interpreter Stoll Pictures
22%
Short Story 1922 The Naval Treaty Stoll Pictures
22%
Short Film 1921 The Priory School Stoll Pictures
22%
Non-Fiction Book 1933 The Private Life of Sherlock Holmes Vincent Starrett
22%
Film 1970 The Private Life of Sherlock Holmes United Artists
22%
Short Film 1921 The Resident Patient Stoll Pictures
22%
Short Story 1922 The Second Stain Stoll Pictures
22%
Short Story 1922 The Stockbroker's Clerk Stoll Pictures
22%
TV Play 1937 The Three Garridebs NBC
22%
Short Film 1905 Adventures of Sherlock Holmes; or, Held for Ransom Vitagraph Studios
17%
Film 2018 Holmes & Watson Sony
17%
Film 2018 Sherlock Gnomes Paramount
17%
Short Story 1922 The Abbey Grange Stoll Pictures
17%
Short Story 1926 The Adventure of the Blanched Soldier Arthur Conan Doyle
17%
Short Story 1923 The Adventure of the Creeping Man Arthur Conan Doyle
17%
Short Story 1913 The Adventure of the Dying Detective Arthur Conan Doyle
17%
Short Story 1924 The Adventure of the Illustrious Client Arthur Conan Doyle
17%
Short Story 1926 The Adventure of the Lion's Mane Arthur Conan Doyle
17%
Short Story 1893 The Adventure of the Reigate Squire Arthur Conan Doyle
17%
Short Story 1926 The Adventure of the Retired Colourman Arthur Conan Doyle
17%
TV Film 1951 The Adventures of the Mazarin Stone BBC
17%
Short Story 1891 The Boscombe Valley Mystery Arthur Conan Doyle
17%
Short Story 1922 The Boscombe Valley Mystery Stoll Pictures
17%
Short Story 1922 The Bruce-Partington Plans Stoll Pictures
17%
Short Film 1921 The Dying Detective Stoll Pictures
17%
Film 1986 The Great Mouse Detective Disney
17%
Short Film 1923 The Missing Three-Quarter Stoll Pictures
17%
Short Film 1921 The Noble Bachelor Stoll Pictures
17%
Short Story 1922 The Red Circle Stoll Pictures
17%
Short Film 1923 The Three Students Stoll Pictures
17%
TV Show 2018 Miss Sherlock HBO (Asia)
11%
Film 1943 Sherlock Holmes Faces Death Universal
11%
TV Show 1999-2001 Sherlock Holmes in the 22nd Century ITV / Scottish Television / Fox Kids / Syndication / Toon Disney
11%
Video Game 2007 Sherlock Holmes Versus Arsène Lupin Focus Home Interactive
11%
Short Story 1904 The Adventure of Black Peter Arthur Conan Doyle
11%
Short Story 1927 The Adventure of Shoscombe Old Place Arthur Conan Doyle
11%
Short Story 1892 The Adventure of the Copper Beeches Arthur Conan Doyle
11%
Short Story 1893 The Adventure of the Crooked Man Arthur Conan Doyle
11%
Short Story 1903 The Adventure of the Empty House Arthur Conan Doyle
11%
Short Story 1903 The Adventure of the Solitary Cyclist Arthur Conan Doyle
11%
Short Story 1927 The Adventure of the Veiled Lodger Arthur Conan Doyle
11%
Short Story 1908 The Adventure of Wisteria Lodge Arthur Conan Doyle
11%
Short Film 1921 The Devil's Foot Stoll Pictures
11%
Short Story 1911 The Disappearance of Lady Frances Carfax Arthur Conan Doyle
11%
Short Film 1923 The Disappearance of Lady Frances Carfax Stoll Pictures
11%
Short Story Collection 1954 The Exploits of Sherlock Holmes Adrian Conan Doyle / John Dickson Carr
11%
Radio Series 2002-2010 The Further Adventures of Sherlock Holmes BBC
11%
Short Story 1922 The Golden Pince-Nez Stoll Pictures
11%
Novel 2011 The House of Silk Anthony Horowitz
11%
Radio Series 1939-1946 The New Adventures of Sherlock Holmes Blue Network / Mutual
11%
Radio Series 1946-1947 The New Adventures of Sherlock Holmes ABC
11%
Film 1944 The Pearl of Death Universal
11%
Short Story 1922 The Problem of Thor Bridge Arthur Conan Doyle
11%
Short Film 1921 The Solitary Cyclist Stoll Pictures
11%
Film 1945 The Woman in Green Universal
11%
TV Show 1982 Young Sherlock: The Mystery of the Manor House ITV
11%
Video Game 1986 221B Baker Street Datasoft
6%
Board Game 1977 221B Baker Street: The Master Detective Game John N. Hansen Co.
6%
Short Story 2003 A Study in Emerald Neil Gaiman
6%
Film 1965 A Study in Terror Columbia
6%
Film 1946 Dressed to Kill Universal
6%
Novel 2009 Dust and Shadow: An Account of the Ripper Killings by Dr. John H. Watson Lyndsay Faye
6%
Short Story 1924 How Watson Learned the Trick Arthur Conan Doyle
6%
Novel 2015 Mycroft Holmes Kareem Abdul-Jabbar / Anna Waterhouse
6%
Non-Fiction Book 1974 Naked Is the Best Disguise: The Death and Resurrection of Sherlock Holmes Samuel Rosenberg
6%
Film 1945 Pursuit to Algiers Universal
6%
Film 1942 Sherlock Holmes and the Secret Weapon Universal
6%
Film 1942 Sherlock Holmes and the Voice of Terror Universal
6%
Gamebook 1981 Sherlock Holmes: Consulting Detective Sleuth Publications
6%
Video Game 1991 Sherlock Holmes: Consulting Detective ICOM Simulations
6%
Film 1943 Sherlock Holmes in Washington Universal
6%
Novel 2011 Sherlock Holmes: The Breath of God Guy Adams
6%
Film 1946 Terror by Night Universal
6%
Short Story 1904 The Adventure of Charles Augustus Milverton Arthur Conan Doyle
6%
Short Story 1954 The Adventure of Foulkes Rath Adrian Conan Doyle
6%
Short Story 1892 The Adventure of Silver Blaze Arthur Conan Doyle
6%
Short Story 1954 The Adventure of the Abbas Ruby Adrian Conan Doyle
6%
Short Story 1904 The Adventure of the Abbey Grange Arthur Conan Doyle
6%
Short Story 1892 The Adventure of the Beryl Coronet Arthur Conan Doyle
6%
Short Story 1954 The Adventure of the Black Baronet Adrian Conan Doyle
6%
Short Story 1892 The Adventure of the Blue Carbuncle Arthur Conan Doyle
6%
Short Story 1908 The Adventure of the Bruce-Partington Plans Arthur Conan Doyle
6%
Short Story 1893 The Adventure of the Cardboard Box Arthur Conan Doyle
6%
Short Story 1903 The Adventure of the Dancing Man Arthur Conan Doyle
6%
Short Story 1954 The Adventure of the Dark Angels Adrian Conan Doyle
6%
Short Story 1954 The Adventure of the Deptford Horror Adrian Conan Doyle
6%
Short Story 1910 The Adventure of the Devil's Foot Arthur Conan Doyle
6%
Short Story 1892 The Adventure of the Engineer's Thumb Arthur Conan Doyle
6%
Short Story 1893 The Adventure of the Gloria Scott Arthur Conan Doyle
6%
Short Story 1904 The Adventure of the Golden Pince-Nez Arthur Conan Doyle
6%
Short Story 1893 The Adventure of the Greek Interpreter Arthur Conan Doyle
6%
Short Story 1954 The Adventure of the Highgate Miracle John Dickson Carr
6%
Short Story 1921 The Adventure of the Mazarin Stone Arthur Conan Doyle
6%
Short Story 1904 The Adventure of the Missing Three-Quarter Arthur Conan Doyle
6%
Short Story 1893 The Adventure of the Musgrave Ritual Arthur Conan Doyle
6%
Short Story 1893 The Adventure of the Naval Treaty Arthur Conan Doyle
6%
Short Story 1892 The Adventure of the Noble Bachelor Arthur Conan Doyle
6%
Short Story 1903 The Adventure of the Norwood Builder Arthur Conan Doyle
6%
Short Story 1904 The Adventure of the Priory School Arthur Conan Doyle
6%
Short Story 1911 The Adventure of the Red Circle Arthur Conan Doyle
6%
Short Story 1954 The Adventure of the Red Widow Adrian Conan Doyle
6%
Short Story 1893 The Adventure of the Resident Patient Arthur Conan Doyle
6%
Short Story 1954 The Adventure of the Sealed Room Adrian Conan Doyle
6%
Short Story 1904 The Adventure of the Second Stain Arthur Conan Doyle
6%
Short Story 1954 The Adventure of the Seven Clocks Adrian Conan Doyle / John Dickson Carr
6%
Short Story 1954 The Adventure of the Seven Clocks Adrian Conan Doyle / John Dickson Carr
6%
Short Story 1904 The Adventure of the Six Napoleons Arthur Conan Doyle
6%
Short Story 1892 The Adventure of the Speckled Band Arthur Conan Doyle
6%
Short Story 1893 The Adventure of the Stockbroker's Clerk Arthur Conan Doyle
6%
Short Story 1924 The Adventure of the Sussex Vampire Arthur Conan Doyle
6%
Short Story 1926 The Adventure of the Three Gables Arthur Conan Doyle
6%
Short Story 1924 The Adventure of the Three Garridebs Arthur Conan Doyle
6%
Short Story 1904 The Adventure of the Three Students Arthur Conan Doyle
6%
Short Story 1954 The Adventure of the Two Women Adrian Conan Doyle
6%
Short Story 1954 The Adventure of the Wax Gamblers John Dickson Carr
6%
Short Story 1893 The Adventure of the Yellow Face Arthur Conan Doyle
6%
Theater 1921 The Crown Diamond: An Evening with Sherlock Holmes Arthur Conan Doyle
6%
Short Story 1896 The Field Bazaar Arthur Conan Doyle
6%
Novella 2004 The Final Solution: A Story of Detection Michael Chabon
6%
Novel 2004 The Game Laurie R. King
6%
Non-Fiction Book 2015 The Great Detective: The Amazing Rise and Immortal Life of Sherlock Holmes Zach Dundas
6%
Film 1945 The House of Fear Universal
6%
Web Series 2020 The Irregulars Netflix
6%
Novel 2005 The Italian Secretary Caleb Carr
6%
Short Story 1922 The Reigate Squires Stoll Pictures
6%
Film 1944 The Scarlet Claw Universal
6%
Theater 1988-1989 The Secret of Sherlock Holmes Jeremy Paul
6%
Film 1976 The Seven-Per-Cent Solution Universal
6%
Novel 1974 The Seven-Per-Cent Solution: Being a Reprint from the Reminiscences of John H. Watson, M.D. Nicholas Meyer
6%
Film 1944 The Spider Woman Universal
6%
Short Story 1898 The Story of the Lost Special Arthur Conan Doyle
6%
Film 1935 The Triumph of Sherlock Holmes Gaumont British Distributors / Olympic Pictures
6%
Novel 2004 The Veiled Detective David Stuart Davies
6%
Film 1985 Young Sherlock Holmes Paramount
6%
TV Film 1993 1994 Baker Street: Sherlock Holmes Returns CBS
0%
Short Film 1911 A Confidence Trick Nordisk Film
0%
Novel 2017 A Conspiracy in Belgravia Sherry Thomas
0%
Novella 1902 A Double Barrelled Detective Story Mark Twain
0%
Novel 1997 A Letter to Mary Laurie R. King
0%
Novel 1994 All-Consuming Fire Andy Lane
0%
Novel 1995 A Monstrous Regiment of Women Laurie R. King
0%
Film 1910 Arsène Lupin contra Sherlock Holmes PAGU
0%
Film 2001 A Samba for Sherlock Columbia
0%
Novel 2005 A Slight Trick of the Mind Mitch Cullin
0%
Novel 2016 A Study in Scarlet Women Sherry Thomas
0%
Musical 1965 Baker Street Marian Grudeff / Raymond Jessel / Jerry Bock
0%
Comic Series 1989-1991 Baker Street Caliber Comics
0%
Theater 2015, 2017-2018 Baskerville: A Sherlock Holmes Mystery Ken Ludwig
0%
Novel 2012 Becoming Holmes Shane Peacock
0%
TV Show 2019 Case File nº221: Kabukicho MBS / TBS / BS-TBS
0%
Film 1943 Crazy House Universal
0%
Non-Fiction Book 2006 Cuaderno de Bitácora del Matilda Briggs Jules Verne de Albacete
0%
Novel 2013 Dead Man's Land Robert Ryan
0%
Novel 2008 Death in the Air Shane Peacock
0%
Novel 2013 Death on the Pale Horse: Sherlock Holmes on Her Majesty's Secret Service Donald Serrell Thomas
0%
Short Film 1956 Deduce, You Say! Warner Bros. / The Vitaphone Corporation
0%
Short Film 1911 Den Sorte Hætte Nordisk Film
0%
Theater 1907 Der Hund von Baskerville ????
0%
Film 1914 Der Hund von Baskerville PAGU
0%
Film 1918 Der Schlangenring Kowo-Gesellschaft für Filmfabrikation
0%
Short Film 1914 Detective Brown ????
0%
Film 1917 Die Kassette Kowo-Gesellschaft für Filmfabrikation
0%
TV Film 1974 Doctor Watson and the Darkwater Hall Mystery BBC
0%
Novel 2011 Dragon Turn Shane Peacock
0%
Novel 2015 Dreaming Spies Laurie R. King
0%
Novel 1979 Dr. Jekyll and Mr. Holmes Loren D. Estleman
0%
Non-Fiction Book 2003 Durkheim Is Dead! - A Sherlock Holmes Mystery of Social Theory Arthur Berger
0%
Non-Fiction Book 1998 Einstein Paradox - And Other Science Mysteries Solved by Sherlock Holmes Colin Bruce
0%
Novel 2006 Erasing Sherlock Kelly Hale
0%
Novel 2007 Eye of the Crow Shane Peacock
0%
Non-Fiction Book 2017 From Holmes to Sherlock: The Story of the Men and Women Who Created an Icon Mattias Boström
0%
Novel 2012 Garment of Shadows Laurie R. King
0%
Short Fiction Series 2008 Gaslight David Stuart Davies / Barbara Hambly / Christopher Sequeira / Barbara Roden
0%
Novel 2014 Gods of War James Lovegrove
0%
Theater 1980, 1982 Grit in a Sensitive Instrument ????
0%
TV Film 1990 Hands of a Murderer CBS
0%
Film 2012 Holmes & Watson. Madrid Days Alta Classics
0%
Short Film 1911 Hotel Thieves Nordisk Film
0%
Non-Fiction Book 1984 In Bed with Sherlock Holmes: Sexual Elements in Arthur Conan Doyle's Stories of the Great Detective Christopher Redmond
0%
TV Show 2016 IQ246: The Cases of a Royal Genius TBS
0%
Novel 2018 Island of the Mad Laurie R. King
0%
Novel 2002 Justice Hall Laurie R. King
0%
Theater 2013 Le Cabaret Sherlock Holmes Julien Masdoua
0%
Film 1932 Lelíček ve službách Sherlocka Holmese Praga Film Co.
0%
Non-Fiction Book 2005 Les Nombreuses vies de Sherlock Holmes Xavier Mauméjean / André-François Ruaud
0%
Novel 2005 Locked Rooms Laurie R. King
0%
Video Game 1989 Meitantei Holmes: M-Kara no Chousenjou Towa Chiki
0%
Film 1979 Murder by Decree AVCO Embassy Pictures
0%
Theater 1983 Murder, My Dear Watson ????
0%
Novel 2018 Mycroft and Sherlock Kareem Abdul-Jabbar / Anna Waterhouse
0%
Novel 2019 Mycroft and Sherlock: The Empty Birdcage Kareem Abdul-Jabbar / Anna Waterhouse
0%
Novel 1999 O Jerusalem Laurie R. King
0%
Novel 2011 Pirate King Laurie R. King
0%
Video Game 1985 Robin of Sherlock Silversoft / CRL Group
0%
Novel 2010 Secret Fiend Shane Peacock
0%
Novel 1999 Shadow of the Rat David Stuart Davies
0%
Short Story Collection 2003 Shadows Over Baker Street Michael Reaves / John Pelan
0%
Theater 1901-1902 Sheerluck Jones, or Why D'Gillette Him Off William Gillette
0%
Manga Series 2011-2012 Sherlock Bones Kodansha
0%
Theater 1905 Sherlock Hohmec, the King of Detectives ????
0%
TV Film 1983 Sherlock Holmes and a Study in Scarlet ????
0%
TV Show 1979-1980 Sherlock Holmes and Doctor Watson ????
0%
TV Film 1979 Sherlock Holmes and Dr. Watson ????
0%
TV Film 2007 Sherlock Holmes and the Baker Street Irregulars BBC
0%
TV Film 1983 Sherlock Holmes and the Baskerville Curse ????
0%
TV Film 2004 Sherlock Holmes and the Case of the Silk Stocking BBC
0%
Novel 2019 Sherlock Holmes and the Christmas Demon James Lovegrove
0%
Film 1962 Sherlock Holmes and the Deadly Necklace Constantin Film
0%
Novel 2010 Sherlock Holmes and the Ghosts of Bly Donald Serrell Thomas
0%
Theater 1987 Sherlock Holmes and the Hands of Othello Alexander Simmons
0%
Novel 1991 Sherlock Holmes and the Hentzau Affair David Stuart Davies
0%
Video Game 2010 Sherlock Holmes and the Hound of the Baskervilles Frogwares
0%
Novel 2009 Sherlock Holmes and the King's Evil Donald Serrell Thomas
0%
TV Film 1991 Sherlock Holmes and the Leading Lady ????
0%
Novel 1997 Sherlock Holmes and the Man from Hell Barrie Roberts
0%
Novel 2017 Sherlock Holmes and the Miskatonic Monstrosities James Lovegrove
0%
Video Game 2010 Sherlock Holmes and the Mystery of Osborne House Focus Home Interactive / THQ
0%
Novel 1994 Sherlock Holmes and the Railway Maniac Barrie Roberts
0%
Novel 2001 Sherlock Holmes and the Running Noose Donald Serrell Thomas
0%
Novel 2016 Sherlock Holmes and the Servants of Hell Paul Kane
0%
Novel 2016 Sherlock Holmes and the Shadwell Shadows James Lovegrove
0%
TV Film 1983 Sherlock Holmes and the Sign of Four ????
0%
Novel 2018 Sherlock Holmes and the Sussex Sea-Devils James Lovegrove
0%
TV Film 1983 Sherlock Holmes and the Valley of Fear ????
0%
Short Film 1900 Sherlock Holmes Baffled American Mutoscope and Biograph Company
0%
Video Game 1992 Sherlock Holmes: Consulting Detective Vol. II ICOM Simulations
0%
Video Game 1993 Sherlock Holmes: Consulting Detective Vol. III ICOM Simulations
0%
Video Game 2014 Sherlock Holmes: Crimes & Punishments Frogwares
0%
Novel 2017 Sherlock Holmes: Cry of the Innocents Cavan Scott
0%
Non-Fiction Book 1999 Sherlock Holmes et le Signe de la Fiction Denis Mellier
0%
Non-Fiction Book 1993 Sherlock Holmes: Fact or Fiction? Thomas S. Blakenley
0%
Video Game 1986 Sherlock Holmes: Hakushaku Reijō Yūkai Jiken Towa Chiki
0%
Short Film 1910 Sherlock Holmes i Bondefangerklør Nordisk Film
0%
Non-Fiction Book 2004 Sherlock Holmes in Babylon and Other Tales of Mathematical History Marlow Anderson
0%
TV Film 1992 Sherlock Holmes: Incident at Victoria Falls ????
0%
TV Film 1976 Sherlock Holmes in New York NBC
0%
Short Film 1908 Sherlock Holmes in the Great Murder Mystery Crescent Film Company
0%
Non-Fiction Book 1987 Sherlock Holmes: Le Dossier Conan Doyle Robert Louit
0%
Non-Fiction Book 1952 Sherlock Holmes: Master Detective Theodore Christian Blegin / Errett Weir McDiarmid
0%
Novel 1962 Sherlock Holmes of Baker Street: A Life of the World's First Consulting Detective William S. Baring-Gould
0%
Non-Fiction Book 1999 Sherlock Holmes on Screen Alan Barnes
0%
Short Film 1913 Sherlock Holmes Solves the Sign of the Four Mutual Film
0%
Novel 2012 Sherlock Holmes: The Army of Dr. Moreau Guy Adams
0%
Video Game 2007 Sherlock Holmes: The Awakened Focus Home Interactive
0%
Theater 2013, 2015-2016 Sherlock Holmes & the Case of the Christmas Carol John Longenbaugh
0%
Video Game 2004 Sherlock Holmes: The Case of the Silver Earring Ubisoft / Digital Jesters
0%
Video Game 2016 Sherlock Holmes: The Devil's Daughter Bigben Interactive
0%
Non-Fiction Book 2006 Sherlock Holmes: The Man and His World H. R. F. Keating
0%
TV Short 1951 Sherlock Holmes: The Man Who Disappeared ????
0%
Video Game 2002 Sherlock Holmes: The Mystery of the Mummy Wanadoo / The Adventure Company
0%
Novel 2016 Sherlock Holmes: The Patchwork Devil Cavan Scott
0%
Novel 2006 Sherlock Holmes: The Unauthorized Biography Nick Rennison
0%
Novella 2004 Sherlock Holmes: The Way of All Flesh Daniel Ward
0%
Video Game 2009 Sherlock Holmes Versus Jack the Ripper Focus Home Interactive
0%
Non-Fiction Book 1996 Sherlock Holmes: Victorian Sleuth to Modern Hero Joseph A. Cutshall King / Sally Sugarman / Charles R. Putney
0%
Novel 1978 Sherlock Holmes vs. Dracula Loren D. Estleman
0%
Non-Fiction Book 2007 Sherlock Holmes Was Wrong: Reopening the Case of the "Hound of the Baskervilles" Pierre Bayard
0%
Non-Fiction Book 2007 Sherlock Holmes y lo Outré Alberto López Aroca
0%
TV Show 1984-1985 Sherlock Hound TV Asahi / Rai 1
0%
Short Film 1976 Sherlock Pink United Artists
0%
Theater 1987, 1990 Sherlock's Last Case Charles Marowitz
0%
Video Game 1987 Sherlock: The Riddle of the Crown Jewels Infocom
0%
TV Show 2019 Sherlock: Untold Stories Fuji TV
0%
Anime Series 2010-2016 Tantei Opera Milky Holmes Tokyo MX
0%
Short Film 1911 The $500 Reward General Film Company
0%
Film 1975 The Adventure of Sherlock Holmes' Smarter Brother 20th Century Fox
0%
Novel 2019 The Adventure of the Peculiar Protocols: Adapted from the Journals of John H. Watson, M.D. Nicholas Meyer
0%
Novel 1974 The Adventure of the Peerless Peer Philip Jose Farmer
0%
TV Mini-Series 1980 The Adventures of Sherlock Holmes and Dr. Watson ????
0%
TV Show 1997-2000 The Adventures of Shirley Holmes YTV
0%
Novel 2015 The Albino's Treasure Stuart Douglas
0%
Non-Fiction Book 2014 The Alternative Sherlock Holmes - Pastiches, Parodies and Copies Joseph Green / Peter Ridgway Watt
0%
Omnibus 1988 The Annotated Sherlock Holmes: The Four Novels and Fifty-Six Short Stories Complete Arthur Conan Doyle
0%
TV Show 1983 The Baker Street Boys BBC
0%
Quarterly Journal 1946-Present The Baker Street Journal The Baker Street Irregulars
0%
Theater 1900 The Bank of England: An Adventure in the Life of Sherlock Holmes ????
0%
Non-Fiction Book 1998 The Bedside, Bathtub & Armchair Companion to Sherlock Holmes Dick Riley
0%
Non-Fiction Book 2005 The Bedside Companion to Sherlock Holmes Dick Riley
0%
Novel 1994 The Beekeeper's Apprentice, Or On the Segregation of the Queen Laurie R. King
0%
Film 1969 The Best House in London MGM
0%
Short Film 1911 The Black Hand Nordisk Film
0%
Film 1911 The Bogus Governess Nordisk Film
0%
Play 1905 The Burglar and the Lady Langdon McCormick
0%
Novel 1993 The Canary Trainer: From the Memoirs of John H. Watson Nicholas Meyer
0%
Novel 2017 The Carnelian Crow Colleen Gleason
0%
Film 1984 The Case of Marcel Duchamp Concord Council Films Ltd.
0%
Novel 2008 The Case of the Bizarre Bouquets Nancy Springer
0%
Novel 2009 The Case of the Cryptic Crinoline Nancy Springer
0%
Novel 2010 The Case of the Gypsy Goodbye Nancy Springer
0%
Novel 2007 The Case of the Left-Handed Lady Nancy Springer
0%
Novel 2006 The Case of the Missing Marquess Nancy Springer
0%
Novel 2008 The Case of the Peculiar Pink Fan Nancy Springer
0%
TV Film 2002 The Case of the Whitechapel Vampire ????
0%
Novel 2015 The Chess Queen Enigma Colleen Gleason
0%
Novel 2013 The Clockwork Scarab Colleen Gleason
0%
Non-Fiction Book 1986 The Complete Guide to Sherlock Holmes Michael Hardwick
0%
Novel 2016 The Counterfeit Detective Stuart Douglas
0%
Theater 1978-1981 The Crucifer of Blood Paul Giovanni
0%
TV Film 1991 The Crucifer of Blood TNT
0%
Novel 2018 The Devil's Dust James Lovegrove
0%
Novel 2014 The Devil's Promise David Stuart Davies
0%
Short Story 1987 The Doctor's Case Stephen King
0%
Film 1917 The Earthquake Motor Kowo-Gesellschaft für Filmfabrikation
0%
Film 2015 The Empire of Corpses Toho Animation
0%
Novel 2007 The Execution of Sherlock Holmes Donald Serrell Thomas
0%
Novel 2010 The God of the Hive Laurie R. King
0%
Novel 2018 The Hollow of Fear Sherry Thomas
0%
Theater 1933 The Holmeses of Baker Street ????
0%
TV Film 1993 The Hound of London ????
0%
Non-Fiction Book 1980 The International Sherlock Holmes: A Companion Volume to The World Bibliography of Sherlock Holmes and Dr. Watson Ronald Burt De Waal
0%
Novel 2017 The Labyrinth of Death James Lovegrove
0%
Novel 2009 The Language of Bees Laurie R. King
0%
Novel 1978 The Last Sherlock Holmes Story Michael Dibdin
0%
Film 1930 The Limejuice Mystery or Who Spat in Grandfather's Porridge? Associated Sound Film Industries
0%
TV Film 1972 The Longing of Sherlock Holmes ????
0%
Novel 2012 The Lost Casebook of Sherlock Holmes Donald Serrell Thomas
0%
Video Game 1992 The Lost Files of Sherlock Holmes EA
0%
Video Game 1996 The Lost Files of Sherlock Holmes: The Case of the Rose Tattoo EA
0%
Novel 1999 The Mandala of Sherlock Holmes Jamyang Norbu
0%
Novel 2017 The Man from the Diogenes Club Kim Newman
0%
Film 1937 The Man Who Was Sherlock Holmes UFA
0%
Theater 1985 The Mask of Moriarty Hugh Leonard
0%
TV Film 1984 The Masks of Death ????
0%
Film 1932 The Missing Rembrandt Twickenham Studios
0%
Novel 1998 The Moor Laurie R. King
0%
Novel 2016 The Murder of Mary Russell Laurie R. King
0%
Short Film 1912 The Mystery of Boscombe Valley Société Française des Films Éclair / Eclair British
0%
Short Film 1923 The Mystery of the Dancing Men Stoll Pictures
0%
Short Film 1916 The Mystery of the Leaping Fish Triangle Film Corporation
0%
Short Film 1923 The Mystery of Thor Bridge Stoll Pictures
0%
Omnibus 2004 The New Annotated Sherlock Holmes Arthur Conan Doyle
0%
Omnibus 2004 The New Annotated Sherlock Holmes: The Complete Short Stories Arthur Conan Doyle
0%
Omnibus 2005 The New Annotated Sherlock Holmes: The Novels Arthur Conan Doyle
0%
Radio Series 1999 The Newly Discovered Casebook of Sherlock Holmes BBC Radio 2
0%
Theater 1905 The Painful Predicament of Sherlock Holmes Arthur Conan Doyle
0%
Theater 1980 The Penultimate Problem of Sherlock Holmes John Nassivera
0%
Novel 2012 The Perils of Sherlock Holmes Loren D. Estleman
0%
Novel 1979 The Prisoner of the Devil Michael Hardwick
0%
Novel 1897 The Pursuit of the House-Boat John Kendrick Bangs
0%
Short Film 1921 The Red-Haired League Stoll Pictures
0%
Short Film 1912 The Reigate Squares Société Française des Films Éclair / Eclair British
0%
TV Film 1976 The Return of the World's Greatest Detective NBC
0%
Novel 1987 The Revenge of the Hound Michael Hardwick
0%
Novel 2016 The Ripper Legacy David Stuart Davies
0%
Non-Fiction Book 2008 The Rivals of Sherlock Holmes Nick Rennison
0%
TV Film 2001 The Royal Scandal ????
0%
Non-Fiction Book 2007 The Science of Sherlock Holmes: From Baskerville Hall to the Valley of Fear, the Real Forensics Behind the Great Detective's Greatest Cases E. J. Wagner
0%
Novel 1998 The Scroll of the Dead David Stuart Davies
0%
Novel 1997 The Secret Cases of Sherlock Holmes Donald Serrell Thomas
0%
Novel 2008 The Shadow of Reichenbach Falls John R. King
0%
Non-Fiction Book 1962 The Sherlock Holmes Companion Mollie Hardwick
0%
Non-Fiction Book 1996 The Sherlock Holmes IQ Book Eamonn Butler / Madsen Pirie
0%
Non-Fiction Book 2000 The Sherlock Holmes Triviography and Quiz Book Kathleen Kaska
0%
Film 1931 The Sleeping Cardinal Warner Bros. / First Division Pictures
0%
Novel 2014 The Spiritglass Charade Colleen Gleason
0%
Short Film 1911 The Stolen Legacy Motion Picture Distributors and Sales Company
0%
Short Film 1912 The Stolen Papers Société Française des Films Éclair / Eclair British
0%
Short Film 1923 The Stone of Marazin Stoll Pictures
0%
Radio Series 1979-1985 The Stories of Sherlock Holmes Springbok Radio
0%
Short Story Collection 1997 The Strange Case of Mrs. Hudson's Cat: And Other Science Mysteries Solved by Sherlock Holmes Colin Bruce
0%
Film 1977 The Strange Case of the End of Civilization as We Know It ITV
0%
Novel 2013 The Stuff of Nightmares James Lovegrove
0%
Novel 1992 The Tangled Skein David Stuart Davies
0%
Video Game 2012 The Testament of Sherlock Holmes Focus Home Interactive / Atlus
0%
Novel 2015 The Thinking Engine James Lovegrove
0%
Short Film 1921 The Tiger of San Pedro Stoll Pictures
0%
TV Film 1983 The Treasures of Agra ????
0%
TV Film 1986 The Twentieth Century Approaches ????
0%
Short Story 1976 The Ultimate Crime Isaac Asimov
0%
Novel 1976 The West End Horror: A Posthumous Memoir of John H. Watson, M.D. Nicholas Meyer
0%
Novel 1992 The Whitechapel Horrors Edward B. Hanna
0%
Novel 2017 The Whole Art of Detection: Lost Mysteries of Sherlock Holmes Lyndsay Faye
0%
Non-Fiction Book 1974 The World Bibliography of Sherlock Holmes and Dr. Watson - A Classified and Annotated List of Materials Relating to Their Lives and Adventures Ronald De Waal
0%
Non-Fiction Book 1973 The World of Sherlock Holmes Michael Harrison
0%
Film 1971 They Might Be Giants Universal
0%
Novel 2019 The Zeppelin Deception Colleen Gleason
0%
Film 2010 Tom and Jerry Meet Sherlock Holmes Warner Bros.
0%
Theater 1893 Under the Clock Charles Brookfield / Seymour Hicks
0%
Novel 2010 Vanishing Girl Shane Peacock
0%
Film 1988 Without a Clue Orion Pictures
0%
Novel 2011 Young Sherlock Holmes: Black Ice Andrew Lane
0%
Novel 2010 Young Sherlock Holmes: Death Cloud Andrew Lane
0%
Novel 2011 Young Sherlock Holmes: Fire Storm Andrew Lane
0%
Novel 2013 Young Sherlock Holmes: Knife Edge Andrew Lane
0%
Novel 2015 Young Sherlock Holmes: Night Break Andrew Lane
0%
Novel 2010 Young Sherlock Holmes: Red Leech Andrew Lane
0%
Novel 2012 Young Sherlock Holmes: Snake Bite Andrew Lane
0%
Novel 2014 Young Sherlock Holmes: Stone Cold Andrew Lane
0%
Video Game 1987 Young Sherlock: The Legacy of Doyle Pack-In-Video
0%
Film 1998 Zero Effect Columbia
0%
No matching quizzes found
Score Distribution
Percent of People with Each Score
Percentile by Number Answered
Your Score History
You have not taken this quiz